000 01664cam a22002294a 4500
005 20250605163955.0
008 250528s ||||||||||||||||||||||||d
035 _a15439
020 _a132328852
040 _aGR-AtMCL
_bgre
_dGR-AtMCL
_eAACR2
245 1 _aManagement Information Systems / Organization and Technology
250 _a4th
260 _bPrentice Hall International,
_c1996
300 _a848
505 0 _aOrganizational Foundations of Information Systems, Strategic Information Systems, Information Systems and Organizations, Technical Foundations of Information Systems, Managing Data Resources, The New Information Architecture, Building Information Systems: Contemporary Approaches, Alternative Systems-Building Methods, System Success and Failure: Implementation, Management and Organizational Support Systems, Enhancing Management Decision Making, Managing Contemporarary Information Systems, Ethical and Social Issues in Information Systems.
520 _aOrganizational Foundations of Information Systems, Strategic Information Systems, Information Systems and Organizations, Technical Foundations of Information Systems, Managing Data Resources, The New Information Architecture, Building Information Systems: Contemporary Approaches, Alternative Systems-Building Methods, System Success and Failure: Implementation, Management and Organizational Support Systems, Enhancing Management Decision Making, Managing Contemporarary Information Systems, Ethical and Social Issues in Information Systems.
700 1 _aLaudon Jane Price
_91357
700 1 _aLaudon Kenneth C
_91358
942 _cBK
999 _c1019
_d1019